| 000 | 01035 a2200289 4500 | ||
|---|---|---|---|
| 003 | OSt | ||
| 005 | 20180116192401.0 | ||
| 008 | 120702t xxu||||| |||| 00| 0 eng d | ||
| 010 | _a 97104493 | ||
| 020 | _a0714832960 | ||
| 020 | _a9780714832968 | ||
| 040 | _c0 | ||
| 082 | 0 | 0 | _a709.24 |
| 100 | 1 |
_aGoldscheider, Ludwig, _95032 |
|
| 245 | 0 | 0 |
_aMichelangelo : _bpaintings, sculpture, architecture / _cLudwig Goldscheider. |
| 250 | _aComplete ed., 6th ed. | ||
| 260 |
_aLondon : _bPhaidon Press, _c1996. |
||
| 300 |
_a279 p. : _bill. (some col.) ; _c31 cm. |
||
| 600 | 0 | 0 |
_aMichelangelo Buonarroti, _d1475-1564 _xCatalogs. _95033 |
| 650 | 1 | 0 |
_aArtists' preparatory studies _95034 |
| 650 | 1 | 0 |
_aAnatomy, Artistic _zItaly _95035 |
| 650 | 1 | 0 |
_aCappella Sistina (Vatican Palace, Vatican City) _xArtists _95036 |
| 650 | 1 | 0 |
_aLast Judgment (Michelangelo Buonarroti) _95037 |
| 700 | 0 |
_aMichelangelo Buonarroti, _d1475-1564. _95038 |
|
| 942 |
_aSADA _cBK _k709.24 GOL 1996 _2ddc |
||
| 999 |
_c353315 _d353315 |
||